00722nam a2200169 a 450000100100000000500170001000800410002704000250006808200150009324501580010826000520026630000250031871000560034371000650039971000270046471000610049100003105620200930062657.0110613s2009 dr ac 000 0 spa d aDO-SdBNPbspacBNPHU axxxxbR43400aRespuesta humanitaria de Oxfam Internacional a poblaciones afectadas por las tormentas Noel y Olga en la República Dominicana :brendición de cuenta. aSanto Domingo :bOxfam Internacional,c[2009?]. a30 p. :bil., retrs.2 aDireción General de Ayuda de la Comunidad Europea2 aEmbajada de la República Federal de Alemania Santo Domingo2 aGeneralitat Valenciana2 aAgencia Canadiense de Cooperación Internacional (CIDA)